000 00960nam a2200205Ii 4500
003 JO-AjNU
008 230605s9999||||xx |||||||||||||| ||und||
040 _aJO-AjNU
_bara
_erda
_cJO-AjNU
041 _aara
050 1 4 _aHG 3361 2013
100 3 _aاعداد القاسم، احمد غسان مثقال مصطفى,
_eauthor
_952019
245 0 0 _aتأثير الفطنة المنظمية على الاداء المؤسسي : دراسة على المصارف التجارية العاملة في الاردن
264 3 1 _aالقاهرة: المنظمة العربية للتنمية الادارية، 2013
300 _a83ص
_bيحتوي على ببلوغرافية واستبانه من 72-83ص
336 _atext
_btxt
_2rdacontent
337 _aunmediated
_bn
_2rdamedia
338 _avolume
_bnc
_2rdacarrier
490 0 _aاصدار خاص عن المجلة العربية للادارة
650 4 _aالبنوك - الاداء - الاردن
_952020
999 _aA23018
_c26586
_d26586